000 00984nam a2200277Ia 4500
003 OSt
005 20220923211545.0
006 a|||||r|||| 00| 0
007 ta
008 220922b |||||||| |||| 00| 0 hin d
020 _a9789383962785 (hbk)
_c300
024 _a324,648
037 _b69, 10/03/2018, Mallika Books
_cTextual
040 _aARTS
_cARTS
_bhin
041 _2hin
_ahin
082 _aO152,1N54x, Q7
100 _aटोप्पो, महादेव, ले.
245 0 _aजंगल पहाड़ के पाठ
246 _aJangal pahāड़ ke pāṭha
260 _aदिल्ली
_b अनुज्ञा बुक्स
_c2017
300 _a96पृ.
_ccm.
650 _a हिन्दी साहित्य
_9156264
650 _aहिन्दी कविता
942 _hO152,1N54x, Q7
_cTEXL
_2CC
999 _c300770
_d300770